000 01189nam a22002297a 4500
999 _c58991
_d58991
003 Ge_BSU
005 20221027155247.0
008 221027s2002 ge ||||| |||| 00| 0 geo d
020 _a9992891033
041 _ageo
080 _a336.22+342.743(479.22) რ-72
100 _aროგავა, ზვიად
_99239
245 _aგადასახადები, საგადასახადო სისტემა და საგადასახადო სამართალი /
_cზვიად როგავა, [რედ.: გივი გამსახურდია].
264 _aთბილისი :
_bბაკმი,
_c2002.
300 _a640 გვ. ;
_b24 სმ.
653 _aგადასახადები
653 _aსაგადასახადო სისტემა საქართველოში.
653 _aსაგადასახადო სამართალი
653 _aსაქართველოს საგადასახადო სამართალი
700 _aგამსახურდია, გივი
_eრედაქტორი
_915599
942 _2udc
_cBK